| 000 | 00583nam a22001817a 4500 | ||
|---|---|---|---|
| 005 | 20251108164054.0 | ||
| 008 | 250721s1995 xx 000 0 ara d | ||
| 082 | 1 | 4 | _a347.70962/عبد |
| 100 | 1 | _aفوده، عبد الحكم | |
| 245 | 1 | 0 | _aشركات الأموال و العقود التجارية في ضوء قضاء النقض / |
| 264 | 1 |
_aالإسكندريه : _bدار الفكر الجامعي، _c1995. |
|
| 300 | _a275ص | ||
| 650 | 1 | 7 | _aالقانون التجاري |
| 650 | 1 | 7 | _aقانون الشركات |
| 650 | 1 | 7 | _aمصر |
| 942 |
_2ddc _cBK |
||
| 999 |
_c2905 _d2905 |
||